00341nam a2200133Ia 450000500170000000800410001708200150005810000180007324500260009125000080011726000390012530000130016450000300017720250425073719.0240331s9999 xx 000 0 und d a294.5bPAR aParamaguru, P 0aNaan kanda sithtargal a2nd aChennaibVanathi pathippagamc1995 a298 p ., aSitharkalai pandriyy nool